000 004170000a22001690004500
003 MACL
005 20151229153933.0
008 151229b xxu||||| |||| 00| 0 eng d
040 _aMACL
_cMACL
041 _aEnglish
082 _a294.2/SIE
100 _aStephens, Winifred
_924108
245 _aLegends of Indian Buddhism
260 _bJohn Murray
_c1911
650 _aReligion
_924109
942 _cBK
_k294.2/STE
_2ddc
999 _c39289
_d39289